| 000 | 00878nam a22002177a 4500 | ||
|---|---|---|---|
| 005 | 20210325205413.0 | ||
| 008 | s2554 th ||||| |||| 00| 0 tha d | ||
| 020 | _a9786165082778 | ||
| 050 | _aDS570.5 ด495ป 2554 | ||
| 100 | 0 | _aดำรงราชานุภาพ, สมเด็จพระเจ้าบรมวงศ์เธอ กรมพระยา | |
| 245 | 1 | 0 | _aประวัติบุคคลสำคัญ |
| 260 | 3 |
_aกรุงเทพฯ : _bแสงดาว, _c2554 |
|
| 300 |
_a180 หน้า ; _b 21 ซม. |
||
| 650 | 0 | 4 | _aบุคคลสำคัญ |
| 650 | 0 | 4 | _aไทย -- ชีวประวัติ |
| 850 | _aNALT | ||
| 942 | _cGB | ||
| 997 | _a38762 ฉ.1 /38763 ฉ.2 | ||
| 997 | _c000000000063452 | ||
| 998 | _aนางสุกัญญา กัลยา | ||
| 999 |
_c63452 _d63452 |
||